00318nam a2200121 a 450000500170000000800410001702000170005805000240007510000190009924500360011826000320015430000100018620140412111326.0110127s19uu xx 00 eng d a0590-49239-x aTR(GS 611bS39 1993 aSilver, Donald aThe Body book /cDonald Silver. aU.S.A :bScholastic,c1993. a128p.